| 000 | 00983nam a2200229Ia 4500 | ||
|---|---|---|---|
| 003 | Ost | ||
| 005 | 20260507075426.0 | ||
| 008 | 260507s9999||||xx |||||||||||||| ||und|| | ||
| 020 | _a9957242482 | ||
| 040 | _cfsecg | ||
| 041 | _aara | ||
| 082 | _a301.25 | ||
| 100 |
_aالعاني، محمد جاسم شعبان _eمؤلف |
||
| 245 | 0 |
_aالتخطيط الاقليمي : _bمبادئ واسس-نظريات واساليب / _c محمد جاسم شعبان العاني |
|
| 260 |
_aعمان: _bدار صفاء, _c2007 |
||
| 300 |
_a463 صفحة؛ _bإيضاحات ؛ _c24 سم |
||
| 504 | _aببليوغرافيا: ص.459-463 | ||
| 520 | _aالتخطيط والتخطيط الاقليمي، التخطيط الاقليمي عبر الأقاليم التخطيطية، نظريات التخطيط الاقليمي، أساليب التخطيط الاقليمي | ||
| 653 | _aالتخطيط الاقتصادي | ||
| 653 | _aالتخطيط الاقليمي | ||
| 942 | _cكتاب | ||
| 999 |
_c44486 _d44486 |
||